01252nam a2200157 a 4500008004100000020001800041041000800059100002000067245003600087250001100123260003700134300001100171500007400182505082300256655001501079171102e2016 ag ||||| |||| 00| j spa d a9789874607324 aspa1 aSodero, César aSierra Grande /cCésar Sodero a1a ed. aBuenos Aires:bAlto Pogo;c2016. a146 p. aSodero, C. (2016). Sierra Grande. (1a ed.). Buenos Aires : Alto Pogo. aAdolescentes en la oscuridad de los noventa, encerrados en el desierto entre la tristeza, la cobardía y la resignación de los adultos. Sierra Grande es un conjunto de cuentos que, con una unidad notable, conforma una especie de novela de iniciación donde se aprenden los modelos más crueles de la masculinidad, se descubre la humillación de la pobreza, la frustración paterna, el dolor inevitable. Sierra Grande es sobre todo un lugar, la construcción literaria de un lugar sin remedio donde los chicos crecen y aprenden bajo el cielo inmerso e interminable de la Patagonia, donde sueñan con encontrarse con extraterrestres o escuchan historias de viajes espaciales, historias que rediman, que por fin se vuelvan ese escape absurdo, utópico y persistente que impulsan a escribir un cuento tras otro.  aLiteratura